[Event "Mittelrhein Verbandsliga-W 17/18"]
[Site "Nordrheinwestfalen"]
[Date "2018.05.06"]
[Round "11.4"]
[White "Krings, Thomas"]
[Black "Lentzen, Markus"]
[Result "1-0"]
[WhiteElo "2005"]
[BlackElo "1843"]
[PlyCount "65"]
[EventDate "2017.09.10"]
[EventType "team-tourn"]
[EventRounds "11"]
[EventCountry "GER"]
[SourceTitle "EXT 2022"]
[Source "ChessBase"]
[SourceDate "2021.10.06"]
[SourceVersion "1"]
[SourceVersionDate "2021.10.06"]
[SourceQuality "1"]
[WhiteTeam "Horrem"]
[BlackTeam "Dueren Derichsweiler"]
[WhiteTeamCountry "GER"]
[BlackTeamCountry "GER"]

1. d4 Nf6 2. Bg5 Ne4 3. Bf4 d5 4. f3 Nf6 5. e4 dxe4 6. Nc3 Nd5 7. Nxd5 Qxd5 8. c4 Qa5+ 9. Bd2 Qf5 10. Qe2 exf3 11. Nxf3 e6 12. Qe3 Bd6 13. c5 Be7 14. Bd3 Qh5 15. 0-0 Nd7 16. Qf2 0-0 17. Rae1 Bf6 18. Kh1 Qd5 19. Be4 Qxa2 20. Ng5 h6 21. Nh7 Qxb2 22. Nxf6+ Nxf6 23. Bd3 Bd7 24. Rb1 Qa2 25. Qe2 Qd5 26. Rxf6 gxf6 27. Be4 Qxd4 28. Qg4+ Kh8 29. Bxh6 f5 30. Qh4 fxe4 31. Be3+ Kg7 32. Qh6+ Kg8 33. Bxd4 1-0

[Event "Mittelrhein Verbandsliga-W 17/18"]
[Site "Nordrheinwestfalen"]
[Date "2017.09.10"]
[Round "1.3"]
[White "Horbach, Fabian"]
[Black "Lentzen, Markus"]
[Result "1/2-1/2"]
[WhiteElo "1999"]
[BlackElo "1843"]
[PlyCount "89"]
[EventDate "2017.09.10"]
[EventType "team-tourn"]
[EventRounds "11"]
[EventCountry "GER"]
[SourceTitle "EXT 2022"]
[Source "ChessBase"]
[SourceDate "2021.10.06"]
[SourceVersion "1"]
[SourceVersionDate "2021.10.06"]
[SourceQuality "1"]
[WhiteTeam "Herzogenrath"]
[BlackTeam "Dueren Derichsweiler"]
[WhiteTeamCountry "GER"]
[BlackTeamCountry "GER"]

1. d4 Nf6 2. Nf3 e6 3. e3 c5 4. Bd3 b6 5. 0-0 Be7 6. Qe2 0-0 7. c3 Bb7 8. Nbd2 d5 9. Ne5 Nbd7 10. f4 Ne4 11. Nxe4 dxe4 12. Bb5 Nxe5 13. fxe5 Qc7 14. Qg4 Bc6 15. Bxc6 Qxc6 16. Rf4 f6 17. exf6 Rxf6 18. Rxf6 Bxf6 19. Bd2 Rf8 20. Rf1 Be7 21. Rxf8+ Bxf8 22. Be1 cxd4 23. exd4 Qd5 24. b3 b5 25. Bf2 a6 26. Qe2 Be7 27. c4 bxc4 28. bxc4 Qc6 29. Be3 Bf6 30. Qc2 Kf7 31. Qb3 h6 32. g3 Bd8 33. d5 exd5 34. cxd5 Qd6 35. Qb7+ Be7 36. Bf4 Qc5+ 37. Kg2 Kg8 38. Qc6 Qa3 39. Qe6+ Kh8 40. d6 Qf3+ 41. Kg1 Qd1+ 42. Kf2 Qf3+ 43. Kg1 Qd1+ 44. Kf2 Qf3+ 45. Kg1 1/2-1/2

[Event "Mittelrhein Verbandsliga-W 15/16"]
[Site "Nordrheinwestfalen"]
[Date "2016.03.13"]
[Round "9.6"]
[White "Schmitt, Lars"]
[Black "Lentzen, Markus"]
[Result "1/2-1/2"]
[WhiteElo "1712"]
[BlackElo "1758"]
[PlyCount "82"]
[EventDate "2015.09.06"]
[EventType "team-tourn"]
[EventRounds "11"]
[EventCountry "GER"]
[SourceTitle "EXT 2022"]
[Source "ChessBase"]
[SourceDate "2021.10.06"]
[SourceVersion "1"]
[SourceVersionDate "2021.10.06"]
[SourceQuality "1"]
[WhiteTeam "Herzogenrath"]
[BlackTeam "Dueren Derichsweiler"]
[WhiteTeamCountry "GER"]
[BlackTeamCountry "GER"]

1. d4 Nf6 2. c4 e6 3. Nc3 Bb4 4. e3 0-0 5. Nge2 c5 6. a3 Ba5 7. dxc5 Nc6 8. b4 Bc7 9. Nd4 a6 10. Be2 Qe7 11. 0-0 Rd8 12. Qc2 Ne5 13. Ne4 Neg4 14. Nxf6+ Nxf6 15. Bb2 d6 16. cxd6 Bxd6 17. Nf3 Bd7 18. Be5 Bc6 19. Bxd6 Rxd6 20. h3 Be4 21. Qb2 Rad8 22. Rfd1 Qc7 23. Rxd6 Rxd6 24. c5 Rd8 25. Rd1 Rxd1+ 26. Bxd1 a5 27. Qd4 axb4 28. axb4 h6 29. Nd2 Bc6 30. Bf3 Nd5 31. Bxd5 Bxd5 32. Nc4 Qc6 33. f3 Qb5 34. Nd2 Qe2 35. e4 Bc6 36. Nf1 Bb5 37. Ng3 Qe1+ 38. Kh2 g6 39. Qd8+ Kg7 40. Qd4+ Kg8 41. Qe5 Qxb4 1/2-1/2

[Event "Mittelrhein Verbandsliga-W 15/16"]
[Site "Nordrheinwestfalen"]
[Date "2015.11.15"]
[Round "4.6"]
[White "Tonev, Vasil"]
[Black "Lentzen, Markus"]
[Result "1/2-1/2"]
[WhiteElo "1702"]
[BlackElo "1758"]
[PlyCount "64"]
[EventDate "2015.09.06"]
[EventType "team-tourn"]
[EventRounds "11"]
[EventCountry "GER"]
[SourceTitle "EXT 2022"]
[Source "ChessBase"]
[SourceDate "2021.10.06"]
[SourceVersion "1"]
[SourceVersionDate "2021.10.06"]
[SourceQuality "1"]
[WhiteTeam "Horrem"]
[BlackTeam "Dueren Derichsweiler"]
[WhiteTeamCountry "GER"]
[BlackTeamCountry "GER"]

1. e4 c6 2. d4 d5 3. e5 Bf5 4. Nf3 Bg4 5. Be2 e6 6. 0-0 c5 7. c3 Nc6 8. Be3 Nge7 9. Qa4 c4 10. Nbd2 Qa5 11. Qxa5 Nxa5 12. b4 Bxf3 13. Bxf3 Nac6 14. a4 Nf5 15. g4 Nh4 16. Be2 Be7 17. f4 Kd7 18. f5 Raf8 19. Rf2 Bd8 20. fxe6+ fxe6 21. Raf1 Ke8 22. Bd1 Rxf2 23. Rxf2 Rf8 24. Nb1 Rxf2 25. Kxf2 Ng6 26. Bd2 Bh4+ 27. Kf3 Be7 28. Bc2 Kf7 29. g5 Bf8 30. Kg4 Nge7 31. h4 g6 32. h5 Nf5 1/2-1/2

[Event "Mittelrhein-ch"]
[Site "Dueren"]
[Date "2010.06.05"]
[Round "4"]
[White "Olbrisch, Manfred"]
[Black "Lentzen, Markus"]
[Result "1-0"]
[WhiteElo "2063"]
[BlackElo "1773"]
[PlyCount "139"]
[EventDate "2010.06.02"]
[EventType "swiss"]
[EventRounds "5"]
[EventCountry "GER"]
[SourceTitle "CBM 137 Extra"]
[Source "ChessBase"]
[SourceDate "2010.09.01"]
[SourceVersion "1"]
[SourceVersionDate "2010.09.01"]
[SourceQuality "1"]

1. Nf3 Nf6 2. c4 c5 3. Nc3 Nc6 4. e4 d6 5. d3 g6 6. Be2 Bg7 7. 0-0 0-0 8. Rb1 b6 9. a3 Ne8 10. Nd5 Nc7 11. b4 Nxd5 12. exd5 Nd4 13. Nxd4 Bxd4 14. Bh6 Bg7 15. Qd2 e5 16. dxe6 Bxe6 17. Bxg7 Kxg7 18. d4 Qc7 19. bxc5 bxc5 20. d5 Bc8 21. Rb3 f6 22. Qb2 Rf7 23. g4 Qe7 24. Re3 Qb7 25. Qc3 Rb8 26. Re8 Re7 27. Rxe7+ Qxe7 28. Re1 Qd8 29. f4 Rb7 30. g5 Bf5 31. Bd1 Rb1 32. h4 Kf7 33. Kf2 Bd7 34. Ke3 Bf5 35. Kd2 Kg7 36. Re3 Kf7 37. Ba4 Rh1 38. Re8 Rh2+ 39. Ke1 Rh3 40. Rxd8 Rxc3 41. Rxd6 fxg5 42. fxg5 Rxc4 43. Ra6 Re4+ 44. Kf2 Rxh4 45. Rxa7+ Kf8 46. d6 Rd4 47. Ra8+ Kf7 48. Be8+ Ke6 49. d7 Ke7 50. Rc8 Bxd7 51. Bxd7 Kxd7 52. Rxc5 Rh4 53. Ra5 Rh5 54. Kg3 h6 55. Ra7+ Kc8 56. gxh6 Kb8 57. Rh7 Ka8 58. Kg4 Kb8 59. Rh8+ Kb7 60. h7 Ka7 61. a4 Kb7 62. a5 Ka7 63. a6 Rh1 64. Kg5 Rh2 65. Kf6 g5 66. Kg7 g4 67. Rf8 g3 68. Rf1 g2 69. Rg1 Rh1 70. Rxg2 1-0